000 00790nam a2200277#a 4500
001 01816
003 HDC
007 ta
008 230623s2012 xx 000 0 eng d
020 _a9789671003023 (pbk)
040 _aHDC
050 _aBP166.72
_b .A2377 2012
100 _aAbd Rahman,
_d1981-.
245 0 _a Halalkah ubat nada? :
_bpanduan penting untuk pesakit muslim /
_cAbd Rahman.
264 _aKuala Lumpur :
_bH Science Solution,
_c2012.
300 _a266p. :
_b ill. col. ;
_c 23cm.
500 _aIncludes index.
504 _aBibliography: p. 243.
650 _aDrugs
_xReligious aspects
_xIslam.
650 _aMedicine
_xReligious aspects
_xIslam.
650 _aMuslims
_xDietary laws.
942 _2lcc
942 _cBK
942 _kBP166.72
942 _m .A2377 2012
999 _c23377
_d23377